000 00661cam a2200157 4500
001 L129514
008 050426n 000 0 eng u
035 _a(Sirsi) u129514
041 _aeng
110 _aUK Trade and Investment
_94699
245 _aUK Trade and Investment
520 _aWebsite of this UK government organisation which provides information and guidance to UK companies looking to export products and services and companies looking to establish themselves in the UK market.
690 _aMANAGEMENT-BUSINESS MANAGEMENT
856 _uhttps://www.uktradeinvest.gov.uk
_zView the website free of charge at www.uktradeinvest.gov.uk...
942 _n0
999 _c104220
_d104220